Question Français à Russe - Statistiques

Statistiques générales
  • Ce quiz a été pris 4 fois
  • Le résultat moyen est 5 sur 14
Statistiques - réponses
Hint Réponse % Correct
Qui Кто
75%
Quoi Что
75%
Comment Как
75%
Où (localisation) Где
50%
Où (direction) Куда
50%
D'où Откуда
50%
Quand Когда
50%
Quel Какой
25%
Pourquoi (la raison) Почиму
0%
Pourquoi (dans quel but) Зачем
0%
Combien Сколко
0%
Quelle Какая
0%
Quel (neutre) Какое
0%
Quels Какие
0%
Aucun quiz correspondant
Distribution des résultats
% des personnes avec chaque résultat
Percentile par nombre de réponses
Votre historique - résultats
Vous n’avez pas pris ce quiz